|
|
|
|
| LEADER |
01308nam a2200349Ia 4500 |
| 001 |
EBC472157 |
| 003 |
MiAaPQ |
| 005 |
20200520144314.0 |
| 006 |
m o d | |
| 007 |
cr cn||||||||| |
| 008 |
090415s2009 enk sb 001 0 eng d |
| 020 |
|
|
|z 9780199573844 (pbk.)
|
| 020 |
|
|
|z 0199573840 (pbk.)
|
| 035 |
|
|
|a (MiAaPQ)EBC472157
|
| 035 |
|
|
|a (Au-PeEL)EBL472157
|
| 035 |
|
|
|a (CaPaEBR)ebr10351298
|
| 035 |
|
|
|a (CaONFJC)MIL235467
|
| 035 |
|
|
|a (OCoLC)559017533
|
| 040 |
|
|
|a MiAaPQ
|c MiAaPQ
|d MiAaPQ
|
| 050 |
|
4 |
|a HD69.S5
|b P45 2009
|
| 100 |
1 |
|
|a Penrose, Edith Tilton.
|
| 245 |
1 |
4 |
|a The theory of the growth of the firm
|h [electronic resource] /
|c Edith Penrose; with a new introduction by Christos N. Pitelis.
|
| 250 |
|
|
|a 4th ed., Rev. ed.
|
| 260 |
|
|
|a Oxford ;
|a New York :
|b Oxford University Press,
|c 2009.
|
| 300 |
|
|
|a xlix, 249 p.
|
| 504 |
|
|
|a Includes bibliographical references and index.
|
| 533 |
|
|
|a Electronic reproduction. Ann Arbor, MI : ProQuest, 2015. Available via World Wide Web. Access may be limited to ProQuest affiliated libraries.
|
| 650 |
|
0 |
|a Industries
|x Size.
|
| 650 |
|
0 |
|a Industrial organization.
|
| 655 |
|
4 |
|a Electronic books.
|
| 710 |
2 |
|
|a ProQuest (Firm)
|
| 856 |
4 |
0 |
|u https://ebookcentral.proquest.com/lib/matrademy/detail.action?docID=472157
|z Click to View
|